000 00498 a2200169 4500
003 OSt
005 20231214140023.0
008 231214b |||||||| |||| 00| 0 eng d
020 _a9788121939713
040 _coclc
082 _a621.042
_bRAJ/N
100 1 _aRajput, R. K.,
_d1944-
_910119
245 _aNon-Conventional Energy Sources and Utilisation /
_cEr. R K Rajput
260 _bS Chand,
_c2023.
300 _a432p
942 _2ddc
_cBK
_h621.042
_iRAJ/N
_k621.042
_mRAJ/N
999 _c44211
_d44211